Metallica Lyrics – #31: The Frayed Ends of Sanity - Statistics

General Stats
  • This quiz has been taken 15 times
  • The average score is 65 of 126
Answer Stats
Answer % Correct
ends
100%
Frayed
100%
of
100%
sanity
100%
calling
89%
I
89%
me
89%
the
89%
after
78%
fallen
78%
Hear
78%
is
78%
Myself/Everyone
78%
them
78%
under
78%
Falling
67%
have
67%
to
67%
conspiracy
56%
death
56%
death,
56%
deep
56%
dementia
56%
failure
56%
fear,
56%
fear
56%
Fighting
56%
habits
56%
hunger,
56%
into
56%
Into
56%
Never
56%
never
56%
Old
56%
pray
56%
prosper
56%
pull
56%
reappear
56%
schizophrenia
56%
again
44%
at
44%
both
44%
burns
44%
candle
44%
Growing
44%
Now
44%
question,
44%
slave
44%
Struggle
44%
terror,
44%
they
44%
triggered
44%
Twisting
44%
Waves
44%
within,
44%
wonder
44%
am
33%
Birth
33%
captor
33%
depression
33%
Hell
33%
hell,
33%
I'm
33%
interest,
33%
its
33%
Life,
33%
Loss
33%
mass
33%
more
33%
much
33%
my
33%
ruin
33%
brings
22%
Feel
22%
haste,
22%
horror
22%
she
22%
sinking
22%
spreading
22%
tension
22%
time,
22%
warnings,
22%
wings
22%
As
11%
be
11%
for
11%
free,
11%
I'll
11%
inside
11%
set
11%
undertow
11%
wait
11%
want,
11%
waste,
11%
feeling
0%
flooded
0%
Height,
0%
Hostage
0%
nameless
0%
this
0%
No matching quizzes found
Score Distribution
Percent of People with Each Score
Percentile by Number Answered
Your Score History
You have not taken this quiz